00194nam a22000857a 4500003000500000008004100005038001500046082001100061245003600072NUST161019t xxu||||| |||| 00| 0 eng d aMian Adnan a616.07 aimmunology for medical students